{"text_format":"3","workbook":"xlsx","n_sheets":1,"sheets":["t275"],"read":"whole","date_system":"1900"}

{"sheet":"t275","index":0,"n_rows":173,"n_cols":7,"rows_kept":173,"merged":[[0,0,0,6],[30,0,30,5],[47,0,47,5],[142,0,142,5]]}
["TABELA 275.1 - Estatísticas Agrícolas, Município de Jaborandi, Estado de São Paulo, 2007/08."]
["ITEM","UNIDADE","N.DE UPAs","MÍNIMO","MÉDIO","MÁXIMO","TOTAL"]
["Distância à sede do município","km",293,0.1,{"v":8.05,"d":"8.1"},{"v":25,"d":"25.0"},"-"]
["Área total","hectare",293,1.6,{"v":96.05,"d":"96.1"},{"v":1552.8,"d":"1,552.8"},{"v":28141.7,"d":"28,141.7"}]
["Área com cultura perene","hectare",24,0.3,{"v":24.14,"d":"24.1"},273.8,579.4]
["Área com cultura temporária","hectare",274,{"v":1,"d":"1.0"},{"v":84,"d":"84.0"},{"v":1292.5,"d":"1,292.5"},{"v":23017,"d":"23,017.0"}]
["Área com pastagem","hectare",73,0.3,{"v":27.45,"d":"27.5"},{"v":226,"d":"226.0"},{"v":2004.2,"d":"2,004.2"}]
["Área com reflorestamento","hectare",11,0.1,{"v":1.99,"d":"2.0"},7.6,21.9]
["Área com vegetação natural","hectare",151,0.1,{"v":9.14,"d":"9.1"},242.8,{"v":1380.8,"d":"1,380.8"}]
["Área com vegetação de brejo e várzea","hectare",19,0.1,{"v":14.59,"d":"14.6"},73.2,277.2]
["Área em descanso","hectare",7,0.1,{"v":34.53,"d":"34.5"},166.2,241.7]
["Área complementar","hectare",248,0.1,2.5,51.1,619.5]
["Área das UPAs com (0, 1] ha","hectare","-","-","-","-","-"]
["Área das UPAs com (1, 2] ha","hectare",5,1.6,{"v":1.86,"d":"1.9"},{"v":2,"d":"2.0"},9.3]
["Área das UPAs com (2, 5] ha","hectare",27,2.4,3.8,{"v":5,"d":"5.0"},102.6]
["Área das UPAs com (5, 10] ha","hectare",30,5.6,{"v":8.29,"d":"8.3"},{"v":10,"d":"10.0"},248.8]
["Área das UPAs com (10, 20] ha","hectare",46,10.2,{"v":15.75,"d":"15.8"},{"v":20,"d":"20.0"},724.4]
["Área das UPAs com (20, 50] ha","hectare",82,20.5,{"v":30.99,"d":"31.0"},48.4,{"v":2541.5,"d":"2,541.5"}]
["Área das UPAs com (50, 100] ha","hectare",47,50.8,{"v":74.36,"d":"74.4"},99.3,{"v":3494.8,"d":"3,494.8"}]
["Área das UPAs com (100, 200] ha","hectare",24,101.6,{"v":142.52,"d":"142.5"},196.6,{"v":3420.4,"d":"3,420.4"}]
["Área das UPAs com (200, 500] ha","hectare",18,{"v":202,"d":"202.0"},{"v":332.15,"d":"332.2"},425.4,{"v":5978.7,"d":"5,978.7"}]
["Área das UPAs com (500, 1.000] ha","hectare",12,{"v":508,"d":"508.0"},{"v":720.26,"d":"720.3"},964.8,{"v":8643.1,"d":"8,643.1"}]
["Área das UPAs com (1.000, 2.000] ha","hectare",2,{"v":1425.3,"d":"1,425.3"},{"v":1489.05,"d":"1,489.1"},{"v":1552.8,"d":"1,552.8"},{"v":2978.1,"d":"2,978.1"}]
["Área das UPAs com (2.000, 5.000] ha","hectare","-","-","-","-","-"]
["Área das UPAs com (5.000, 10.000] ha","hectare","-","-","-","-","-"]
["Área das UPAs acima de 10.000 ha","hectare","-","-","-","-","-"]
["Familiares do proprietário que trabalham na UPA","unidade",277,{"v":1,"d":"1.0"},{"v":1.56,"d":"1.6"},{"v":7,"d":"7.0"},{"v":431,"d":"431.0"}]
["Trabalhadores permanentes","unidade",83,{"v":1,"d":"1.0"},{"v":3.27,"d":"3.3"},{"v":30,"d":"30.0"},{"v":271,"d":"271.0"}]
["Fonte: Secretaria de Agricultura e Abastecimento, CDRS/IEA, Projeto LUPA."]
[]
["TABELA 275.2 - Explorações Animais, Município de Jaborandi, Estado de São Paulo, 2007/08."]
["ITEM","UNIDADE","N.DE UPAs","MÍNIMO","MÉDIO","MÁXIMO","TOTAL"]
["Asininos E Muares","cabeças",2,{"v":8,"d":"8.0"},{"v":64,"d":"64.0"},{"v":120,"d":"120.0"},{"v":128,"d":"128.0"}]
["Avicultura de Corte","cabeças/ano",4,{"v":10,"d":"10.0"},{"v":24055,"d":"24,055.0"},{"v":95000,"d":"95,000.0"},{"v":96220,"d":"96,220.0"}]
["Avicultura Ornamental/Decorativa/Exótica","cabeças",1,{"v":60,"d":"60.0"},{"v":60,"d":"60.0"},{"v":60,"d":"60.0"},{"v":60,"d":"60.0"}]
["Avicultura para Ovos","cabeças",2,{"v":10,"d":"10.0"},{"v":25,"d":"25.0"},{"v":40,"d":"40.0"},{"v":50,"d":"50.0"}]
["Bovinocultura de Corte","cabeças",9,{"v":4,"d":"4.0"},{"v":301.67,"d":"301.7"},{"v":1500,"d":"1,500.0"},{"v":2715,"d":"2,715.0"}]
["Bovinocultura Leiteira","cabeças",5,{"v":2,"d":"2.0"},4.8,{"v":12,"d":"12.0"},{"v":24,"d":"24.0"}]
["Bovinocultura Mista","cabeças",46,{"v":1,"d":"1.0"},{"v":32.67,"d":"32.7"},{"v":190,"d":"190.0"},{"v":1503,"d":"1,503.0"}]
["Bubalinocultura","cabeças",1,{"v":25,"d":"25.0"},{"v":25,"d":"25.0"},{"v":25,"d":"25.0"},{"v":25,"d":"25.0"}]
["Caprinocultura","cabeças",1,{"v":56,"d":"56.0"},{"v":56,"d":"56.0"},{"v":56,"d":"56.0"},{"v":56,"d":"56.0"}]
["Equinocultura","cabeças",23,{"v":1,"d":"1.0"},{"v":15.65,"d":"15.7"},{"v":120,"d":"120.0"},{"v":360,"d":"360.0"}]
["Ovinocultura","cabeças",14,{"v":6,"d":"6.0"},{"v":74.71,"d":"74.7"},{"v":600,"d":"600.0"},{"v":1046,"d":"1,046.0"}]
["Piscicultura","m² tanques",6,{"v":200,"d":"200.0"},{"v":5866.67,"d":"5,866.7"},{"v":16000,"d":"16,000.0"},{"v":35200,"d":"35,200.0"}]
["Suinocultura","cabeças",10,{"v":1,"d":"1.0"},21.2,{"v":80,"d":"80.0"},{"v":212,"d":"212.0"}]
["Fonte: Secretaria de Agricultura e Abastecimento, CDRS/IEA, Projeto LUPA."]
[]
["TABELA 275.3 -  Máquinas, Implementos e Benfeitorias, Município de Jaborandi, Estado de São Paulo, 2007/08."]
["ITEM","UNIDADE","N.DE UPAs","MÍNIMO","MÉDIO","MÁXIMO","TOTAL"]
["Arado Comum (Bacia, Aiveca)","Unidade",24,{"v":1,"d":"1.0"},{"v":1.33,"d":"1.3"},{"v":3,"d":"3.0"},{"v":32,"d":"32.0"}]
["Arado Escarificador","Unidade",3,{"v":1,"d":"1.0"},{"v":3,"d":"3.0"},{"v":6,"d":"6.0"},{"v":9,"d":"9.0"}]
["Arado Subsolador","Unidade",27,{"v":1,"d":"1.0"},1.3,{"v":3,"d":"3.0"},{"v":35,"d":"35.0"}]
["Batedeira de Cereais","Unidade",1,{"v":1,"d":"1.0"},{"v":1,"d":"1.0"},{"v":1,"d":"1.0"},{"v":1,"d":"1.0"}]
["Carregadeira de Cana","Unidade",2,{"v":1,"d":"1.0"},1.5,{"v":2,"d":"2.0"},{"v":3,"d":"3.0"}]
["Colhedeira Acoplada","Unidade",4,{"v":1,"d":"1.0"},{"v":2,"d":"2.0"},{"v":3,"d":"3.0"},{"v":8,"d":"8.0"}]
["Colhedeira Automotriz","Unidade",11,{"v":1,"d":"1.0"},{"v":1.09,"d":"1.1"},{"v":2,"d":"2.0"},{"v":12,"d":"12.0"}]
["Conj.Irrigação Autopropelido","Unidade",1,{"v":2,"d":"2.0"},{"v":2,"d":"2.0"},{"v":2,"d":"2.0"},{"v":2,"d":"2.0"}]
["Conj.Irrigação Convencional","Unidade",2,{"v":1,"d":"1.0"},{"v":1,"d":"1.0"},{"v":1,"d":"1.0"},{"v":2,"d":"2.0"}]
["Conj.Irrigação Pivot Central","Unidade",3,{"v":1,"d":"1.0"},{"v":1,"d":"1.0"},{"v":1,"d":"1.0"},{"v":3,"d":"3.0"}]
["Conj.Irrigação/Gotejamento/Microaspersão","Unidade",1,{"v":3,"d":"3.0"},{"v":3,"d":"3.0"},{"v":3,"d":"3.0"},{"v":3,"d":"3.0"}]
["Conjunto de Fenação","Unidade",2,{"v":1,"d":"1.0"},{"v":1,"d":"1.0"},{"v":1,"d":"1.0"},{"v":2,"d":"2.0"}]
["Desintegrador, Picador, Triturador","Unidade",40,{"v":1,"d":"1.0"},1.3,{"v":3,"d":"3.0"},{"v":52,"d":"52.0"}]
["Distribuidor de Calcário","Unidade",20,{"v":1,"d":"1.0"},{"v":1,"d":"1.0"},{"v":1,"d":"1.0"},{"v":20,"d":"20.0"}]
["Ensiladeira","Unidade",15,{"v":1,"d":"1.0"},{"v":1.07,"d":"1.1"},{"v":2,"d":"2.0"},{"v":16,"d":"16.0"}]
["Grade Aradora (Tipo Romi)","Unidade",31,{"v":1,"d":"1.0"},{"v":1.23,"d":"1.2"},{"v":3,"d":"3.0"},{"v":38,"d":"38.0"}]
["Grade Niveladora","Unidade",29,{"v":1,"d":"1.0"},{"v":1.38,"d":"1.4"},{"v":4,"d":"4.0"},{"v":40,"d":"40.0"}]
["Microtrator","Unidade",1,{"v":1,"d":"1.0"},{"v":1,"d":"1.0"},{"v":1,"d":"1.0"},{"v":1,"d":"1.0"}]
["Misturador de Ração","Unidade",6,{"v":1,"d":"1.0"},{"v":1.33,"d":"1.3"},{"v":3,"d":"3.0"},{"v":8,"d":"8.0"}]
["Pulverizador Tratorizado","Unidade",51,{"v":1,"d":"1.0"},{"v":1.45,"d":"1.5"},{"v":6,"d":"6.0"},{"v":74,"d":"74.0"}]
["Semeadeira/Adubadeira para Plantio Convencional","Unidade",19,{"v":1,"d":"1.0"},{"v":1.37,"d":"1.4"},{"v":3,"d":"3.0"},{"v":26,"d":"26.0"}]
["Semeadeira/Plantadeira Plantio Direto","Unidade",20,{"v":1,"d":"1.0"},{"v":1.35,"d":"1.4"},{"v":3,"d":"3.0"},{"v":27,"d":"27.0"}]
["Terraceador","Unidade",5,{"v":1,"d":"1.0"},1.2,{"v":2,"d":"2.0"},{"v":6,"d":"6.0"}]
["Trator de Pneus","Unidade",71,{"v":1,"d":"1.0"},{"v":2.56,"d":"2.6"},{"v":13,"d":"13.0"},{"v":182,"d":"182.0"}]
["Açude/Represa","Unidade",14,{"v":1,"d":"1.0"},{"v":1.93,"d":"1.9"},{"v":6,"d":"6.0"},{"v":27,"d":"27.0"}]
["Almoxarifado/Oficina","Unidade",14,{"v":1,"d":"1.0"},{"v":1.07,"d":"1.1"},{"v":2,"d":"2.0"},{"v":15,"d":"15.0"}]
["Armazém para Grãos Ensacados","Sacas",1,{"v":1,"d":"1.0"},{"v":1,"d":"1.0"},{"v":1,"d":"1.0"},{"v":1,"d":"1.0"}]
["Balança para Bovinos","Unidade",6,{"v":1,"d":"1.0"},{"v":1,"d":"1.0"},{"v":1,"d":"1.0"},{"v":6,"d":"6.0"}]
["Barracão para Granja/Avicultura","Unidade",2,{"v":4,"d":"4.0"},{"v":5,"d":"5.0"},{"v":6,"d":"6.0"},{"v":10,"d":"10.0"}]
["Barracão/Galpão/Garagem","Unidade",83,{"v":1,"d":"1.0"},{"v":1.23,"d":"1.2"},{"v":4,"d":"4.0"},{"v":102,"d":"102.0"}]
["Casa de Moradia Habitada","Unidade",86,{"v":1,"d":"1.0"},{"v":1.67,"d":"1.7"},{"v":8,"d":"8.0"},{"v":144,"d":"144.0"}]
["Casa de Moradia Total","Unidade",105,{"v":1,"d":"1.0"},{"v":2.34,"d":"2.3"},{"v":10,"d":"10.0"},{"v":246,"d":"246.0"}]
["Curral/Mangueira","Unidade",43,{"v":1,"d":"1.0"},{"v":1.28,"d":"1.3"},{"v":8,"d":"8.0"},{"v":55,"d":"55.0"}]
["Depósito/Tulha","Unidade",34,{"v":1,"d":"1.0"},{"v":1.06,"d":"1.1"},{"v":2,"d":"2.0"},{"v":36,"d":"36.0"}]
["Estábulo","Unidade",6,{"v":1,"d":"1.0"},{"v":1,"d":"1.0"},{"v":1,"d":"1.0"},{"v":6,"d":"6.0"}]
["Estufa/Plasticultura","m²",1,{"v":5,"d":"5.0"},{"v":5,"d":"5.0"},{"v":5,"d":"5.0"},{"v":5,"d":"5.0"}]
["Fábrica de Ração","Unidade",6,{"v":1,"d":"1.0"},{"v":1,"d":"1.0"},{"v":1,"d":"1.0"},{"v":6,"d":"6.0"}]
["Instalações para Equinos","Unidade",8,{"v":3,"d":"3.0"},{"v":8.13,"d":"8.1"},{"v":21,"d":"21.0"},{"v":65,"d":"65.0"}]
["Pocilga","Unidade",22,{"v":1,"d":"1.0"},{"v":1.23,"d":"1.2"},{"v":3,"d":"3.0"},{"v":27,"d":"27.0"}]
["Poço Semi-Artesiano","Unidade",9,{"v":1,"d":"1.0"},{"v":1.11,"d":"1.1"},{"v":2,"d":"2.0"},{"v":10,"d":"10.0"}]
["Silo para Silagem","t",3,{"v":1,"d":"1.0"},{"v":50.67,"d":"50.7"},{"v":150,"d":"150.0"},{"v":152,"d":"152.0"}]
["Terreiro","m²",8,{"v":1,"d":"1.0"},{"v":153.13,"d":"153.1"},{"v":1000,"d":"1,000.0"},{"v":1225,"d":"1,225.0"}]
["Fonte: Secretaria de Agricultura e Abastecimento, CDRS/IEA, Projeto LUPA."]
[]
["TABELA 275.4 - Outras Estatísticas Agrícolas, Município de Jaborandi, Estado de São Paulo, 2007/08."]
["ITEM","Número de UPAs",null,"Percentual"]
["Faz Parte de Associação de Produtores",153,null,{"v":52.21843003412969,"d":"52.2"}]
["Faz Parte de Cooperativa de Produtores",230,null,{"v":78.49829351535836,"d":"78.5"}]
["Faz Parte do Sindicato de Produtores",16,null,{"v":5.460750853242321,"d":"5.5"}]
["Não utiliza assistência técnica ",213,null,{"v":72.6962457337884,"d":"72.7"}]
["Utiliza somente assistência técnica governamental ",18,null,{"v":6.143344709897611,"d":"6.1"}]
["Utiliza somente assistência técnica privada ",28,null,{"v":9.556313993174061,"d":"9.6"}]
["Utiliza assistência técnica tanto governamental quanto privada",34,null,{"v":11.604095563139932,"d":"11.6"}]
["Utiliza Crédito Rural",26,null,{"v":8.873720136518772,"d":"8.9"}]
["Utiliza Seguro Rural",12,null,{"v":4.095563139931741,"d":"4.1"}]
["Utiliza Escrituração Agrícola",274,null,{"v":93.51535836177474,"d":"93.5"}]
["Acessa Internet p/ Fins na Agropecuária",13,null,{"v":4.436860068259386,"d":"4.4"}]
["Utiliza Computador nas Atividades Agropecuárias",24,null,{"v":8.19112627986348,"d":"8.2"}]
["Utiliza Energia Elétrica Para Uso na Atividade Agrícola",106,null,{"v":36.177474402730375,"d":"36.2"}]
["Realiza Análise de Solo, quando necessário",252,null,{"v":86.00682593856655,"d":"86.0"}]
["Utiliza Práticas de Conservação de Solo, quando necessário",280,null,{"v":95.56313993174061,"d":"95.6"}]
["Faz Adubação Mineral, quando necessário",276,null,{"v":94.19795221843003,"d":"94.2"}]
["Faz Adubação Orgânica, quando necessário",9,null,{"v":3.0716723549488054,"d":"3.1"}]
["Faz Adubação Verde, quando necessário",7,null,{"v":2.3890784982935154,"d":"2.4"}]
["Utiliza Manejo Integrado de Pragas (MIP)",1,null,{"v":0.3412969283276451,"d":"0.3"}]
["Utiliza Hidroponia","-",null,"-"]
["Utiliza Plasticultura",2,null,{"v":0.6825938566552902,"d":"0.7"}]
["Utiliza Mudas Fiscalizadas",27,null,{"v":9.215017064846416,"d":"9.2"}]
["Utiliza Semente Melhorada",15,null,{"v":5.119453924914676,"d":"5.1"}]
["Faz Confinamento de Bovinos",5,null,{"v":1.7064846416382253,"d":"1.7"}]
["Utiliza Pastejo Intensivo",33,null,{"v":11.262798634812286,"d":"11.3"}]
["Faz Inseminação Artificial",5,null,{"v":1.7064846416382253,"d":"1.7"}]
["Faz Mineralização do Rebanho",52,null,{"v":17.747440273037544,"d":"17.7"}]
["Faz Vermifugação do Rebanho",53,null,{"v":18.088737201365188,"d":"18.1"}]
["Possui Parceiros /Arrendatários na Exploração Animal",35,null,{"v":11.945392491467576,"d":"11.9"}]
["Esporte e lazer","-",null,"-"]
["Extração mineral","-",null,"-"]
["Hotel Fazenda, Pousada ou SPA","-",null,"-"]
["Pesque-pague",1,null,{"v":0.3412969283276451,"d":"0.3"}]
["Restaurante ou Lanchonete","-",null,"-"]
["Transformação artesanal","-",null,"-"]
["Turismo rural ou ecoturismo","-",null,"-"]
["Outras atividades econômicas rurais","-",null,"-"]
["Agroindústria","-",null,"-"]
["Proprietário sem instrução ou com instrução incompleta",4,null,{"v":1.3651877133105803,"d":"1.4"}]
["Proprietário com antigo primário completo",95,null,{"v":32.42320819112628,"d":"32.4"}]
["Proprietário com 1° grau (ou antigo ginasial) completo",37,null,{"v":12.627986348122867,"d":"12.6"}]
["Proprietário com 2° grau (ou antigo colegial) completo",68,null,{"v":23.208191126279864,"d":"23.2"}]
["Proprietário com curso superior completo ",83,null,{"v":28.32764505119454,"d":"28.3"}]
["Pessoa Jurídica",6,null,{"v":2.0477815699658706,"d":"2.0"}]
["Proprietário residente na própria UPA ",33,null,{"v":11.262798634812286,"d":"11.3"}]
["Fonte: Secretaria de Agricultura e Abastecimento, CDRS/IEA, Projeto LUPA."]
[]
["TABELA 275.5 - Área Cultivada, Município de Jaborandi, Estado de São Paulo, 2007/08."]
["CULTURA","N.DE UPAs","MÍNIMO","MÉDIO","MÁXIMO","TOTAL"]
["Cana-de-acucar",265,{"v":1,"d":"1.0"},{"v":82.65,"d":"82.7"},{"v":1292.5,"d":"1,292.5"},{"v":21903.2,"d":"21,903.2"}]
["Milho",8,{"v":1,"d":"1.0"},129.9,593.8,{"v":1039.2,"d":"1,039.2"}]
["Braquiaria",38,0.3,{"v":24.33,"d":"24.3"},140.3,924.7]
["Coloniao",6,{"v":18,"d":"18.0"},{"v":102.47,"d":"102.5"},{"v":226,"d":"226.0"},614.8]
["Soja",5,4.8,98.2,372.6,{"v":491,"d":"491.0"}]
["Laranja",3,8.1,{"v":116.97,"d":"117.0"},273.8,350.9]
["Seringueira",20,0.3,{"v":11.35,"d":"11.4"},{"v":60,"d":"60.0"},{"v":227,"d":"227.0"}]
["Gramas",18,0.6,{"v":10.48,"d":"10.5"},{"v":121,"d":"121.0"},188.7]
["Setaria",3,{"v":13,"d":"13.0"},{"v":44.33,"d":"44.3"},{"v":94,"d":"94.0"},{"v":133,"d":"133.0"}]
["Outras gramineas para pastagem",11,1.8,{"v":12.09,"d":"12.1"},{"v":48,"d":"48.0"},{"v":133,"d":"133.0"}]
["Eucalipto",8,0.1,{"v":2.48,"d":"2.5"},7.6,19.8]
["Sorgo",2,4.8,4.8,4.8,9.6]
["Capim-jaragua",1,8.9,8.9,8.9,8.9]
["Outras culturas temporárias",1,2.5,2.5,2.5,2.5]
["Outras florestais",3,0.1,0.7,{"v":1,"d":"1.0"},2.1]
["Outras frutiferas",1,1.5,1.5,1.5,1.5]
["Capim-gordura",1,1.1,1.1,1.1,1.1]
["Outras olericolas",1,0.6,0.6,0.6,0.6]
["Alface",3,0.1,{"v":0.17,"d":"0.2"},0.3,0.5]
["Mandioca",2,0.2,{"v":0.25,"d":"0.3"},0.3,0.5]
["Quiabo",3,0.1,{"v":0.13,"d":"0.1"},0.2,0.4]
["Cebolinha",2,0.1,{"v":0.15,"d":"0.2"},0.2,0.3]
["Jilo",2,0.1,{"v":0.15,"d":"0.2"},0.2,0.3]
["Cenoura",1,0.2,0.2,0.2,0.2]
["Abobora (ou jerimum)",1,0.2,0.2,0.2,0.2]
["Couve (ou couve-crespa)",1,0.1,0.1,0.1,0.1]
["Brocolos (ou brocolis)",1,0.1,0.1,0.1,0.1]
["Berinjela",1,0.1,0.1,0.1,0.1]
["Fonte: Secretaria de Agricultura e Abastecimento, CDRS/IEA, Projeto LUPA."]